000 00632nam a2200265Ia 4500
005 20260121114436.0
008 008 260114s9999 xx 000 0 eng d
020 _a9788126582488
037 _aEBOOK
040 _aCRL
040 _beng
040 _cCRL
041 _2eng
041 _aeng
084 _qCRL
100 _aPrasad
_9975129
245 0 _aFundamentals of Business Analytics, 2ed
260 _bWiley
260 _c2016
650 _aAnalytics / Big Data
_9975130
856 _uhttps://ebooks.wileyindia.com/product-details/282186
942 _cEBOOK
999 _c1554179
_d1554179